000 01106nam0a2200289 4500
001 RU\NLR\BIBL_A\022817501
005 20260531093559.0
035 _a(NLR Aleph) 022817501
090 _a13715810
_c13715810
100 _a20260526d1996 m y0rusy50 ca
101 0 _atyv
102 _aRU
105 _ay z 000 y
181 0 _ai
_baxxe
182 0 _an
200 1 _a?ндезин улустар: делегей болгаш национал эрге
_fКара-кыс Аракчаа
203 _aТекст
_bвизуальный
_cнепосредственный
210 _aКызыл
_cТываны? ном ?нд?рер чери
_d1996
215 _a207 с
_d20
541 1 _aКоренные народы: международное и национальное право
_zrus
686 1 _aХ93 я73
686 1 _aТ3(2)74-36
700 1 _4070
_7ca
_8rus
_aАракчаа
_bК. Д.
_f1950-
_gКара-Кыс Донгаковна
_9118645
_3RU\NLR\AUTH\778755
852 _aNLR
_bОНЛ
_jТув./2-1268
942 _cBOOK
980 _aNB